000 00741nam a2200265Ia 4500
003 OSt
005 20221007110418.0
006 a|||||r|||| 00| 0
007 ta
008 221006b |||||||| |||| 00| 0 eng d
020 _a0521217717
024 _a21,098
037 _cTextual
040 _aLCO
_cLCO
_beng
041 _2eng
_aeng
082 _aY9(X8(A)), L8
100 _aGallie Duncan
245 0 _aIn Search of the New Working Class
260 _aLondon
_bCambridge University Press U.K.
_c1978
300 _a348
500 _aAutomation and Social Integration within the Capitalist Enterprise
650 _aWORKING CLASS
942 _hY9(X8(A)), L8
_cTEXL
999 _c1190661
_d1190661